| 000 | 00691nam a22002057a 4500 | ||
|---|---|---|---|
| 999 |
_c4483 _d4483 |
||
| 003 | AR-CdUCM | ||
| 008 | 190308b ||||| |||| 00| 0 spa d | ||
| 040 |
_aMUNICIPALIDAD PROVINCIAL DEL CUSCO _cBIBLIOTECA MUNICIPAL DEL CUSCO |
||
| 082 |
_a978 / _bG81 |
||
| 110 |
_aGrijalbo, S.A _914078 |
||
| 245 | _aDe Marti a Castro / | ||
| 260 |
_aMéxico : _bGrijalbo, S.A. , _c1970. |
||
| 300 |
_a157 páginas ; _c18 cm. |
||
| 505 | _aContenido: Revolucion Cubana -- El imperialismo estadounidense -- El capitalismo opresor -- Fidel Castro -- Martí... | ||
| 650 |
_aFidel Castro _914079 |
||
| 650 |
_aRevolucion Cubana _98094 |
||
| 650 |
_aSocialismo _91037 |
||
| 942 |
_2ddc _cLIBROS |
||
| 945 | _artm | ||